000
00334nam a2200145 a 4500
008
000815s1967||||xx 0 und c
040
_a
SNK
_b
slo
_c
SNK
_e
AACR2
100
1
_a
DE Kruif, Paul
245
1
0
_a
Mužský hormón
260
_a
Bratislava
_b
Obzor
_c
1967
300
_a
224 s.
020
_c
20
044
_a
xo
_c
SK
041
_a
slo
999
_c
12005
_d
12005